[Event "Wuerttemberg-ch KT"]
[Site "Stuttgart"]
[Date "2017.08.30"]
[Round "5"]
[White "Meinhardt, Alexander"]
[Black "Klaus, Daniel"]
[Result "1-0"]
[WhiteElo "1624"]
[BlackElo "1916"]
[PlyCount "61"]
[EventDate "2017.08.26"]
[EventType "swiss"]
[EventRounds "7"]
[EventCountry "GER"]
[SourceTitle "EXT 2019"]
[Source "ChessBase"]
[SourceDate "2018.10.10"]
[SourceVersion "1"]
[SourceVersionDate "2018.10.10"]
[SourceQuality "1"]

1. e4 c5 2. Bc4 e6 3. Nc3 a6 4. d3 b5 5. Bb3 Qc7 6. a3 Nc6 7. f4 d6 8. Nf3 Nf6 9. 0-0 Be7 10. Ne2 c4 11. Ba2 0-0 12. Ng3 cxd3 13. Qxd3 Bb7 14. b4 a5 15. c3 Rfd8 16. Bb2 d5 17. e5 Ne4 18. Rac1 Qb6+ 19. Nd4 axb4 20. cxb4 Nxb4 21. axb4 Rxa2 22. Rc2 Ra4 23. f5 Nxg3 24. hxg3 f6 25. Kh2 fxe5 26. Nxe6 e4 27. Qe2 d4 28. Qg4 Bf6 29. Rc7 Bc8 30. Rxg7+ Kh8 31. Rxh7+ 1-0

[Event "Wuerttemberg-ch KT"]
[Site "Stuttgart"]
[Date "2017.08.27"]
[Round "3"]
[White "Reindl, Jork"]
[Black "Klaus, Daniel"]
[Result "1/2-1/2"]
[WhiteElo "1509"]
[BlackElo "1916"]
[PlyCount "83"]
[EventDate "2017.08.26"]
[EventType "swiss"]
[EventRounds "7"]
[EventCountry "GER"]
[SourceTitle "EXT 2019"]
[Source "ChessBase"]
[SourceDate "2018.10.10"]
[SourceVersion "1"]
[SourceVersionDate "2018.10.10"]
[SourceQuality "1"]

1. e4 c5 2. Nf3 e6 3. Nc3 a6 4. a3 Nc6 5. Bc4 b5 6. Ba2 Qc7 7. d3 Nf6 8. h3 Be7 9. 0-0 h6 10. Be3 0-0 11. Nd2 b4 12. axb4 Nxb4 13. Bb3 d5 14. exd5 exd5 15. Ne2 Bd6 16. Nf3 Bf5 17. Bd2 a5 18. Bxb4 axb4 19. Rxa8 Rxa8 20. c3 Qb6 21. d4 c4 22. Bc2 Bxc2 23. Qxc2 b3 24. Qb1 Re8 25. Re1 Ne4 26. Ng3 Bxg3 27. fxg3 Qd6 28. Nd2 f5 29. g4 Qf4 30. Nxe4 fxe4 31. Qc1 e3 32. Rf1 Qe4 33. Re1 Qd3 34. Rd1 Qc2 35. Re1 Qd2 36. Kh2 Qd3 37. Qd1 Qe4 38. Qf3 Qe6 39. Qf5 Qd6+ 40. Kh1 g6 41. Qf3 Qe6 42. Qf4 1/2-1/2

[Event "Wuerttemberg-ch KT"]
[Site "Stuttgart"]
[Date "2017.08.26"]
[Round "1"]
[White "Mareck, Sascha"]
[Black "Klaus, Daniel"]
[Result "1-0"]
[WhiteElo "2156"]
[BlackElo "1916"]
[PlyCount "67"]
[EventDate "2017.08.26"]
[EventType "swiss"]
[EventRounds "7"]
[EventCountry "GER"]
[SourceTitle "EXT 2019"]
[Source "ChessBase"]
[SourceDate "2018.10.10"]
[SourceVersion "1"]
[SourceVersionDate "2018.10.10"]
[SourceQuality "1"]

1. d4 d5 2. c4 c6 3. Nf3 Nf6 4. g3 e6 5. Bg2 Be7 6. 0-0 0-0 7. Qc2 Nbd7 8. Rd1 Ne4 9. Nc3 f5 10. Ne5 Qe8 11. Bf4 g5 12. Nxd7 Bxd7 13. Be5 Qg6 14. Nxe4 fxe4 15. f3 exf3 16. Qxg6+ hxg6 17. Bxf3 dxc4 18. Rdc1 b5 19. b3 a5 20. bxc4 b4 21. Kg2 Rac8 22. c5 g4 23. Bxg4 Bg5 24. Rd1 Be3 25. Bf3 Rf7 26. Rd3 Bg5 27. a3 bxa3 28. Raxa3 Bd8 29. Be4 Rf5 30. Rab3 Kf7 31. g4 Rxe5 32. dxe5 Be8 33. Rb7+ Kg8 34. Rd6 1-0

[Event "Wuerttemberg-ch KT"]
[Site "Stuttgart"]
[Date "2016.09.02"]
[Round "8"]
[White "Schoembs, Oliver"]
[Black "Klaus, Daniel"]
[Result "1-0"]
[WhiteElo "1874"]
[BlackElo "1943"]
[PlyCount "59"]
[EventDate "2016.08.27"]
[EventType "swiss"]
[EventRounds "9"]
[EventCountry "GER"]
[SourceTitle "EXT 2017"]
[Source "ChessBase"]
[SourceDate "2016.10.25"]
[SourceVersion "1"]
[SourceVersionDate "2016.10.25"]
[SourceQuality "1"]

1. e4 c5 2. Nf3 e6 3. d4 cxd4 4. Nxd4 a6 5. Nc3 Qc7 6. Bd3 Nc6 7. Nxc6 bxc6 8. Qe2 d6 9. 0-0 Nf6 10. f4 d5 11. e5 Nd7 12. f5 Nxe5 13. Bf4 Bd6 14. Rae1 Nxd3 15. Bxd6 Qxd6 16. Qxd3 Qc5+ 17. Kh1 Ra7 18. Qg3 f6 19. fxe6 0-0 20. Na4 Qb4 21. b3 Re7 22. c3 Qb5 23. Rf4 Rxe6 24. Rb4 Rxe1+ 25. Qxe1 Qd3 26. Rb8 Kf7 27. Nc5 Qf5 28. Nb7 Qe5 29. Qxe5 fxe5 30. Rxc8 1-0

[Event "Wuerttemberg-ch KT"]
[Site "Stuttgart"]
[Date "2015.09.06"]
[Round "9"]
[White "Wendler, Werner"]
[Black "Klaus, Daniel"]
[Result "1-0"]
[WhiteElo "2056"]
[BlackElo "1933"]
[PlyCount "129"]
[EventDate "2015.08.29"]
[EventType "swiss"]
[EventRounds "9"]
[EventCountry "GER"]
[SourceTitle "EXT 2017"]
[Source "ChessBase"]
[SourceDate "2016.10.25"]
[SourceVersion "1"]
[SourceVersionDate "2016.10.25"]
[SourceQuality "1"]

1. d4 d5 2. c4 c6 3. cxd5 cxd5 4. Nc3 Nf6 5. Bf4 Nc6 6. Nf3 e6 7. Rc1 Bd6 8. Bxd6 Qxd6 9. e3 0-0 10. Bd3 Bd7 11. 0-0 Rac8 12. Nd2 e5 13. dxe5 Nxe5 14. Be2 Qe7 15. Nf3 Bc6 16. Qd4 Nc4 17. Rc2 Nb6 18. Rd1 Rfe8 19. Qh4 Bd7 20. Nd4 Ne4 21. Qxe7 Rxe7 22. Rdc1 Nd6 23. Bf3 Be6 24. Ncb5 Rxc2 25. Rxc2 Nxb5 26. Nxb5 a6 27. Nd4 Kf8 28. Kf1 Ke8 29. Ke2 Kd8 30. Kd3 Nc4 31. b3 Ne5+ 32. Ke2 Nxf3 33. Kxf3 f6 34. Rc5 Bg8 35. Ke2 g6 36. Kd3 Rc7 37. Rxc7 Kxc7 38. Ne2 Kd6 39. Kd4 Be6 40. Nc3 f5 41. Na4 Bd7 42. Nc5 Bc8 43. h4 a5 44. a3 h6 45. f4 h5 46. Na4 Bd7 47. Nc3 Bc6 48. b4 axb4 49. axb4 Bd7 50. Nxd5 Bc6 51. e4 fxe4 52. Nb6 e3 53. Nc4+ Ke6 54. Nxe3 Kd6 55. g3 Ke6 56. Kc5 Bf3 57. Kb6 Be4 58. Kc7 Bf3 59. b5 Be4 60. b6 Bf3 61. Nc2 Bh1 62. Nd4+ Kd5 63. Nc6 Ke4 64. Kxb7 Kf3 65. Kc7 1-0

[Event "Wuerttemberg-ch KT"]
[Site "Stuttgart"]
[Date "2015.08.31"]
[Round "3"]
[White "Andreev, Vlad"]
[Black "Klaus, Daniel"]
[Result "1-0"]
[WhiteElo "2046"]
[BlackElo "1933"]
[PlyCount "67"]
[EventDate "2015.08.29"]
[EventType "swiss"]
[EventRounds "9"]
[EventCountry "GER"]
[SourceTitle "EXT 2017"]
[Source "ChessBase"]
[SourceDate "2016.10.25"]
[SourceVersion "1"]
[SourceVersionDate "2016.10.25"]
[SourceQuality "1"]

1. d4 d5 2. c4 c6 3. Nc3 Nf6 4. e3 g6 5. Nf3 Bg7 6. Qb3 0-0 7. Bd2 e6 8. Bd3 Nbd7 9. Ne2 dxc4 10. Bxc4 Ne4 11. Rd1 Nxd2 12. Rxd2 Qe7 13. 0-0 b5 14. Bd3 Bb7 15. Bb1 e5 16. Rfd1 Rad8 17. d5 cxd5 18. Qxb5 Nb6 19. Nc3 d4 20. exd4 Bxf3 21. gxf3 exd4 22. Ne2 Rd5 23. Qd3 Qh4 24. Qe4 Rg5+ 25. Ng3 Qh3 26. Qf4 h6 27. Bd3 Be5 28. Qe4 f5 29. Qxe5 f4 30. Qxd4 fxg3 31. Bc4+ Kh7 32. fxg3 Rxf3 33. Bf1 Qc8 34. Bg2 1-0

[Event "Bad Woerishofen op 28th"]
[Site "Bad Woerishofen"]
[Date "2012.03.07"]
[Round "6"]
[White "Mack, Thomas"]
[Black "Klaus, Daniel"]
[Result "1/2-1/2"]
[WhiteElo "2047"]
[BlackElo "1936"]
[PlyCount "43"]
[EventDate "2012.03.02"]
[EventType "swiss"]
[EventRounds "9"]
[EventCountry "GER"]
[SourceTitle "EXT 2019"]
[Source "ChessBase"]
[SourceDate "2018.10.10"]
[SourceVersion "1"]
[SourceVersionDate "2018.10.10"]
[SourceQuality "1"]

1. e4 c5 2. Nf3 e6 3. d4 cxd4 4. Nxd4 a6 5. Nc3 Qc7 6. g3 Nf6 7. Bg2 Be7 8. 0-0 0-0 9. a4 Nc6 10. Nb3 d6 11. f4 Rb8 12. a5 b6 13. axb6 Qxb6+ 14. Kh1 Bb7 15. g4 Nb4 16. g5 Nd7 17. Na5 Ba8 18. Rf3 Rfe8 19. Be3 Qc7 20. Rh3 Nf8 21. Qe2 d5 22. e5 1/2-1/2

[Event "Wuerttemberg-ch KT"]
[Site "Stuttgart"]
[Date "2010.09.04"]
[Round "8"]
[White "Klaus, Daniel"]
[Black "Foerster, Bernhard"]
[Result "0-1"]
[WhiteElo "1970"]
[BlackElo "2161"]
[PlyCount "112"]
[EventDate "2010.08.28"]
[EventType "swiss"]
[EventRounds "9"]
[EventCountry "GER"]
[SourceTitle "EXT 2017"]
[Source "ChessBase"]
[SourceDate "2016.10.25"]
[SourceVersion "1"]
[SourceVersionDate "2016.10.25"]
[SourceQuality "1"]

1. e4 c6 2. d4 d5 3. Nc3 dxe4 4. Nxe4 Nf6 5. Ng5 h6 6. N5f3 Bf5 7. Bd3 Bxd3 8. Qxd3 e6 9. Ne5 Nbd7 10. Ngf3 Nxe5 11. Nxe5 Qd5 12. 0-0 Rd8 13. Be3 Bd6 14. f4 0-0 15. Rfd1 Qe4 16. Qxe4 Nxe4 17. Rd3 f6 18. Nc4 b6 19. Re1 Bb8 20. Bc1 f5 21. g3 Kf7 22. Kg2 Rfe8 23. Nd2 Nf6 24. Nf3 Rd5 25. Bd2 Ne4 26. c4 Rd7 27. Bc3 Red8 28. Rde3 Rg8 29. Rf1 Rc8 30. b3 b5 31. c5 Nf6 32. Rfe1 Nd5 33. Bb2 Nxe3+ 34. Rxe3 a5 35. h4 Ra7 36. a3 Rd7 37. Kf2 Rg8 38. Re1 Rdd8 39. Ke3 Rh8 40. Rg1 Rdg8 41. g4 fxg4 42. Rxg4 Rh7 43. Ke4 Rd8 44. Bc1 Rd5 45. Bd2 Bc7 46. Ne5+ Bxe5 47. fxe5 a4 48. b4 Rd7 49. h5 Rh8 50. Rg6 Re8 51. Be3 Kf8 52. Bf4 Rf7 53. Rg4 Rf5 54. Rh4 Kg8 55. Ke3 Kf7 56. Ke4 Rg8 0-1

[Event "Wuerttemberg-chB"]
[Site "Balingen"]
[Date "2006.08.31"]
[Round "6"]
[White "Klaus, Daniel"]
[Black "Groebe, Ulrich"]
[Result "1/2-1/2"]
[WhiteElo "2030"]
[BlackElo "2058"]
[PlyCount "50"]
[EventDate "2006.08.26"]
[EventType "swiss"]
[EventRounds "9"]
[EventCountry "GER"]
[SourceTitle "EXT 2007"]
[Source "ChessBase"]
[SourceDate "2006.11.23"]
[SourceVersion "1"]
[SourceVersionDate "2006.11.23"]
[SourceQuality "1"]

1. e4 c6 2. d4 d5 3. Nc3 dxe4 4. Nxe4 Bf5 5. Ng3 Bg6 6. h4 h6 7. h5 Bh7 8. Nf3 Nd7 9. Bd3 Bxd3 10. Qxd3 Qc7 11. Be3 e6 12. 0-0-0 Ngf6 13. Kb1 0-0-0 14. b3 Kb8 15. c4 Bd6 16. Ne2 c5 17. Nc3 a6 18. Rh4 Ka8 19. Ka1 cxd4 20. Nxd4 Nc5 21. Qc2 Be5 22. b4 Ncd7 23. c5 Nb8 24. Kb1 Nd5 25. Nxd5 Rxd5 1/2-1/2

[Event "Wuerttemberg-chB"]
[Site "Balingen"]
[Date "2006.08.30"]
[Round "5"]
[White "Steinhart, Matthias"]
[Black "Klaus, Daniel"]
[Result "0-1"]
[WhiteElo "1891"]
[BlackElo "2030"]
[PlyCount "88"]
[EventDate "2006.08.26"]
[EventType "swiss"]
[EventRounds "9"]
[EventCountry "GER"]
[SourceTitle "EXT 2007"]
[Source "ChessBase"]
[SourceDate "2006.11.23"]
[SourceVersion "1"]
[SourceVersionDate "2006.11.23"]
[SourceQuality "1"]

1. e4 c5 2. Nf3 e6 3. d4 cxd4 4. Nxd4 a6 5. Bd3 Qc7 6. 0-0 Nc6 7. Be3 Nf6 8. Nb3 Be7 9. Nc3 b5 10. a3 0-0 11. f4 d6 12. Kh1 Rd8 13. Qe1 Bb7 14. h3 Bf8 15. Qf2 Qe7 16. f5 Ne5 17. fxe6 Qxe6 18. Nd4 Nxd3 19. cxd3 Qe5 20. Nf3 Qh5 21. Kg1 Rd7 22. Nd4 Be7 23. Nf5 Bf8 24. Ng3 Qg6 25. Nf5 Re8 26. Bd4 Re6 27. Be3 h5 28. Nd4 Re8 29. Nde2 Qh7 30. Bd4 Be7 31. Nf4 Bd8 32. Qe2 h4 33. Qd1 Ba8 34. Bf2 Qh6 35. Nfe2 d5 36. Qc1 Qxc1 37. Raxc1 dxe4 38. dxe4 Nxe4 39. Nxe4 Bxe4 40. Nc3 Bd3 41. Rfe1 Rxe1+ 42. Rxe1 Bc4 43. Re4 g5 44. Bd4 Rxd4 0-1